Return on learning training for high performance at Accenture /

"Story of how Accenture, one of the world's most widely known companies, revolutionized its internal corporate training operation"--Provided by publisher.

Bibliographic Details
Corporate Author: ProQuest (Firm)
Other Authors: Vanthournout, Donald.
Format: Electronic eBook
Language:English
Published: Chicago : Agate, c2006.
Subjects:
Online Access:Click to View
LEADER 01972nam a22004214a 4500
001 EBC371111
003 MiAaPQ
005 20200520144314.0
006 m o d |
007 cr cn|||||||||
008 060103s2006 ilua s 000 0 eng
010 |z  2005037141 
015 |a GBA646898  |2 bnb 
016 7 |z 013465075  |2 Uk 
020 |z 1932841180 (hardcover) 
020 |z 9781932841183 (hardcover) 
020 |z 9781932841183 
035 |a (MiAaPQ)EBC371111 
035 |a (Au-PeEL)EBL371111 
035 |a (CaPaEBR)ebr10275953 
035 |a (OCoLC)437239279 
040 |a MiAaPQ  |c MiAaPQ  |d MiAaPQ 
043 |a n-us--- 
050 4 |a HD5716.F472  |b U66 2006 
082 0 4 |a 658.3/1243  |2 22 
245 0 0 |a Return on learning  |h [electronic resource] :  |b training for high performance at Accenture /  |c Donald Vanthournout ... [et al.]. 
260 |a Chicago :  |b Agate,  |c c2006. 
300 |a 190 p. :  |b ill. 
505 0 |a High performance through learning -- A vision for learning and business impact -- Proving the ROI in learning -- The leadership to succeed -- Phenomenal learning -- Running learning like a business -- Using technology to create a high-performance learning organization -- At the frontiers of learning and knowledge sharing -- Learning and value creation. 
520 |a "Story of how Accenture, one of the world's most widely known companies, revolutionized its internal corporate training operation"--Provided by publisher. 
533 |a Electronic reproduction. Ann Arbor, MI : ProQuest, 2015. Available via World Wide Web. Access may be limited to ProQuest affiliated libraries. 
610 2 0 |a Accenture (Firm) 
650 0 |a Financial services industry  |x Employees  |x Training of  |z United States. 
650 0 |a Financial planners  |z United States. 
655 4 |a Electronic books. 
700 1 |a Vanthournout, Donald. 
710 2 |a ProQuest (Firm) 
856 4 0 |u https://ebookcentral.proquest.com/lib/matrademy/detail.action?docID=371111  |z Click to View